| 000 | 00899cam a22002893a 4500 | ||
|---|---|---|---|
| 001 | 9290 | ||
| 003 | PGUSA | ||
| 005 | 20140828083210.0 | ||
| 008 | 051101s2005||||xxu|||||s|||||000 i eng d | ||
| 040 |
_aPGUSA _beng |
||
| 042 | _adc | ||
| 050 | 4 | _aPS | |
| 100 | 1 |
_aWharton, Edith, _d1862-1937 |
|
| 245 | 1 | 4 |
_aThe Touchstone _h[electronic resource] / _cEdith Wharton |
| 260 |
_bProject Gutenberg, _c2005 |
||
| 506 | _aCopyrighted. Read the copyright notice inside this book for details. | ||
| 516 | _aElectronic text | ||
| 653 | _aPsychological fiction | ||
| 653 | _aLove-letters -- Fiction | ||
| 653 | _aMarried people -- Fiction | ||
| 653 | _aWomen novelists -- Fiction | ||
| 653 | _aTriangles (Interpersonal relations) -- Fiction | ||
| 653 | _aRejection (Psychology) -- Fiction | ||
| 830 | 0 |
_aProject Gutenberg _v9290 |
|
| 856 | 4 | 0 | _uhttp://www.gutenberg.org/ebooks/9290 |
| 942 | _cAB | ||
| 999 |
_c238546 _d238546 |
||